[Pamätná tabuľa Jána Hollého na Dobrej Vode]

Zobrazenie: Pamätná tabuľa Jána Hollého na dome na Dobrej Vode, kde básnik zomrel. Slávnostne bola odhalená pri príležitosti 150. výročia jeho narodenia v roku 1935. Záber pravdepodobne z roku 1981.

Podrobná bibliografia
Korporatívny autor: Slovenský ústav pamiatkovej starostlivosti a ochrany prírody (Autor)
Médium: Fotografia
Jazyk:slovenčina
PhysicalDescription:1 fotografia čb 13 x 19 cm
Vydavateľské údaje: [S.l. s.n.] [1981]
Predmet:

MARC

LEADER 00000nkmaa2200000 a 4500
001 vtls011726593
003 SK-MaSNL
005 20260301141637.0
007 kh bo
008 230802s1981 xo | |||0 k|slo
035 |a 27E40047-F4B1-476A-8E6E-D813D9DED7B1 
035 |a urn:nbn:sk:snk-km43iks 
035 |a urn:nbn:sk:snk-km00e5lk 
040 |a SNKLA  |b slo  |c SNKLA  |e AACR2 
041 0 |a slo 
044 |a xo  |c SK 
110 2 |a Slovenský ústav pamiatkovej starostlivosti a ochrany prírody  |4 aut  |9 35031 
245 1 0 |a [Pamätná tabuľa Jána Hollého na Dobrej Vode]  |h grafika 
260 |a [S.l.  |b s.n.]  |c [1981] 
300 |a 1 fotografia  |b čb  |c 13 x 19 cm 
520 2 |a Zobrazenie: Pamätná tabuľa Jána Hollého na dome na Dobrej Vode, kde básnik zomrel. Slávnostne bola odhalená pri príležitosti 150. výročia jeho narodenia v roku 1935. Záber pravdepodobne z roku 1981. 
600 1 7 |a Hollý, Ján,  |d 1785-1849  |2 SNKMA  |9 16461 
650 0 7 |a pamätné tabule  |2 SNKPH  |9 29445 
651 7 |a Dobrá Voda (Slovensko)  |2 SNKPH  |9 100197 
655 7 |a fotografie  |2 SNKPH  |9 70713 
852 7 |a Slovenská národná knižnica  |b Literárny archív 
958 |a ZO 
958 |a BLA 
999 |c 767813  |d 769743 
952 |a SNKLA  |b SNKLA  |c SNKLA_DEP  |y NEVYP  |7 0  |p 17A1227112  |o snkK 2/264  |i snkLA 3307/1982  |0 0  |1 0  |4 0  |d 2017-12-11  |f 1  |l 0  |r 2026-02-24 00:24:57  |w 2026-02-24